00382nam a2200133Ia 4500003000400000008004100004020002200045040000800067100001800075245009900093260002900192300001500221365001200236LDD181029s9999 xx 000 0 und d a387242996cE62.95 cLDD aDjukic, Dusan 4aThe IMO compendiumba collection of problems suggested for the international matcDusan Djukic aNew YorkbSpringerc2006 axiv, 740p. bE 62.95